The philosophy of William James
Saved in:
| Hovedforfatter: | |
|---|---|
| Format: | Bog |
| Sprog: | engelsk |
| Udgivet: |
Nueva York
The Modern Library
1900
|
| Serier: | Modern Library Books, 114
|
| Fag: | |
| Tags: |
Tilføj Tag
Ingen Tags, Vær først til at tagge denne postø!
|
MARC
| LEADER | 00000nam a2200000 a 4500 | ||
|---|---|---|---|
| 001 | UCZ3574 | ||
| 003 | CL-VaPUC | ||
| 008 | 951027e19000000US |||||||||||||||||eng|d | ||
| 082 | 0 | 4 | |a 191 |b JAM |2 21 |
| 100 | |a James, William |e author |9 335702 | ||
| 245 | 1 | 4 | |a The philosophy of William James |
| 246 | 1 | 0 | |a Selected from his chief works |
| 300 | |a 375 p | ||
| 942 | |c BK | ||
| 945 | |d 19951027 00:00:00 |a rleighto | ||
| 260 | |a Nueva York |b The Modern Library |c 1900 | ||
| 650 | 7 | |a FILOSOFIA ESTADOUNIDENSE |2 CL-VaPUC |9 269420 | |
| 650 | 0 | |a Universo |9 266563 | |
| 650 | 7 | |a CONOCIMIENTO |2 CL-VaPUC |9 308991 | |
| 650 | 0 | |a Religión |9 255164 | |
| 650 | 0 | |a Sociedad |9 307903 | |
| 650 | 0 | |a Metafísica |9 265649 | |
| 583 | |a last modification |c 19951027 00:00:00 |k Rodrigo Vera | ||
| 490 | 0 | |a Modern Library Books, 114 | |
| 999 | |c 240033 |d 240031 | ||
| 952 | |0 0 |1 0 |4 0 |6 191_000000000000000_JAM_1900 |7 0 |8 P |9 251622 |a BIBEDU |b BIBEDU |c BIBEDU_PB |d 2019-11-18 |i 3129837 |o 191 JAM 1900 |p 3129837 |r 2024-01-25 |w 2019-11-18 |y BK |k FIL | ||